Estatísticas para As Sete Maravilhas do Mundo Antigo

Clique aqui para jogar o quiz

Estatísticas Gerais

  • Esse quiz foi jogado 48 vezes
  • A pontuação média é 4 de 7

Estatísticas das Respostas

PaísLugar% Correto
EgitoPirâmides do Egito
91%
IraqueJardins suspensos da Babilônia
80%
EgitoFarol de Alexandria
63%
GréciaEstátua de Zeus Olímpico
60%
GréciaColosso de Rodes
54%
TurquiaMausoléu de Halicarnasso
46%
TurquiaTemplo de Diana
43%

Distribuição das Pontuações

Percentil de Números Respondidos

Porcentagem de Pessoas com Cada Pontuação

Sua Pontuação Histórica

Você não jogou esse quiz